[Event "Madrid ch Veteranos 2223"]
[Site "Madrid ESP"]
[Date "2023.04.18"]
[Round "2.29"]
[White "Perez Fajardo, Daniel"]
[Black "Alberdi Garcia, Carlos Alfonso"]
[Result "0-1"]
[WhiteElo "1495"]
[BlackElo "1699"]
[PlyCount "46"]
[EventDate "2023.04.17"]
[EventType "swiss"]
[EventRounds "9"]
[EventCountry "ESP"]
[SourceTitle "Ajedrez en Madrid"]
[Source "lmi"]
[SourceDate "2023.04.17"]
[SourceVersion "1"]
[SourceVersionDate "2023.05.22"]
[SourceQuality "1"]

1. e4 e6 2. d4 d5 3. e5 c5 4. c3 Ne7 5. Bd3 Nec6 6. Nf3 b6 7. O-O Ba6 8. Be3
Be7 9. Re1 O-O 10. Na3 Bxd3 11. Qxd3 Nd7 12. Rac1 Rc8 13. c4 cxd4 14. Bxd4 Nxd4
15. Qxd4 Bxa3 16. bxa3 Qc7 17. h3 dxc4 18. Rc3 Rfd8 19. Qh4 b5 20. Rd1 Nxe5 21.
Rxd8+ Rxd8 22. Ng5 Rd1+ 23. Kh2 Ng4# 0-1

[Event "Madrid ch Veteranos 2223"]
[Site "Madrid ESP"]
[Date "2023.04.18"]
[Round "2.30"]
[White "Barahona Torrijos, Angel"]
[Black "Ramos Antona, Enrique"]
[Result "1-0"]
[WhiteElo "1696"]
[BlackElo "1500"]
[PlyCount "79"]
[EventDate "2023.04.17"]
[EventType "swiss"]
[EventRounds "9"]
[EventCountry "ESP"]
[SourceTitle "Ajedrez en Madrid"]
[Source "lmi"]
[SourceDate "2023.04.17"]
[SourceVersion "1"]
[SourceVersionDate "2023.05.22"]
[SourceQuality "1"]

1. e4 e5 2. Nc3 Nf6 3. f4 d6 4. Nf3 Bg4 5. h3 Bxf3 6. Qxf3 Be7 7. Bc4 c6 8. d3
Nbd7 9. f5 Nb6 10. Bb3 Qc7 11. g4 h6 12. h4 Ng8 13. g5 hxg5 14. hxg5 Rxh1+ 15.
Qxh1 d5 16. Qh7 O-O-O 17. Qxg7 Bb4 18. Bd2 a5 19. a3 a4 20. Ba2 Ba5 21. b4 axb3
22. cxb3 d4 23. Ne2 Bxd2+ 24. Kxd2 f6 25. Qxc7+ Kxc7 26. g6 Nc8 27. b4 Nce7 28.
a4 b6 29. Rh1 b5 30. a5 Kd6 31. Rc1 Nh6 32. Ng3 Neg8 33. Be6 Ra8 34. Rxc6+ Kxc6
35. Bd5+ Kc7 36. Bxa8 Ne7 37. Bd5 Nxd5 38. exd5 Kd6 39. a6 Kc7 40. d6+ 1-0

[Event "Madrid ch Veteranos 2223"]
[Site "Madrid ESP"]
[Date "2023.04.18"]
[Round "2.31"]
[White "Menendez Domens, Juan Manuel"]
[Black "Marcos Medina, Alejandro"]
[Result "1-0"]
[WhiteElo "1460"]
[BlackElo "1692"]
[PlyCount "81"]
[EventDate "2023.04.17"]
[EventType "swiss"]
[EventRounds "9"]
[EventCountry "ESP"]
[SourceTitle "Ajedrez en Madrid"]
[Source "lmi"]
[SourceDate "2023.04.17"]
[SourceVersion "1"]
[SourceVersionDate "2023.05.22"]
[SourceQuality "1"]

1. d4 Nf6 2. Nf3 e6 3. e3 d5 4. Bd3 c5 5. c3 b6 6. O-O Bd6 7. Nbd2 c4 8. Bc2
Bb7 9. Qe2 Ne4 10. Nxe4 dxe4 11. Ba4+ Nd7 12. Ne5 Bxe5 13. dxe5 b5 14. Bxb5 Qb6
15. Qxc4 Bd5 16. Bxd7+ Kxd7 17. Rd1 Ke7 18. Qb4+ Qxb4 19. cxb4 Rab8 20. a3 Bb3
21. Rd4 Bc2 22. Bd2 Rhd8 23. Rc1 Rbc8 24. Bc3 Bb3 25. Rxe4 f5 26. exf6+ gxf6
27. h3 h5 28. Rh4 Rd5 29. g4 Rg8 30. Kh2 Bd1 31. Rxh5 Rxh5 32. gxh5 Bxh5 33.
Rg1 Rh8 34. Rg7+ Bf7 35. b5 Rh5 36. a4 Rf5 37. Kg3 e5 38. f3 Kf8 39. Kg4 Be6
40. Rxa7 Rg5+ 41. Kh4 1-0

[Event "Madrid ch Veteranos 2223"]
[Site "Madrid ESP"]
[Date "2023.04.18"]
[Round "2.32"]
[White "Lobato Palomo, Manuel Angel"]
[Black "Yela Garcia, Carlos"]
[Result "1-0"]
[WhiteElo "1689"]
[BlackElo "1489"]
[PlyCount "55"]
[EventDate "2023.04.17"]
[EventType "swiss"]
[EventRounds "9"]
[EventCountry "ESP"]
[SourceTitle "Ajedrez en Madrid"]
[Source "lmi"]
[SourceDate "2023.04.17"]
[SourceVersion "1"]
[SourceVersionDate "2023.05.22"]
[SourceQuality "1"]

1. d4 Nf6 2. Nc3 g6 3. Bf4 Bg7 4. Qd2 d6 5. e4 O-O 6. O-O-O a6 7. f3 b5 8. h4
Nc6 9. Bh6 e5 10. d5 Nd4 11. h5 Nxh5 12. g4 Qf6 13. gxh5 Nxf3 14. Nxf3 Bxh6 15.
Qxh6 Qxf3 16. hxg6 Qf4+ 17. Qxf4 exf4 18. gxh7+ Kh8 19. Bd3 b4 20. Ne2 f3 21.
Nd4 Bg4 22. Rdg1 f5 23. exf5 Rae8 24. Rxg4 f2 25. Re4 Rxe4 26. Bxe4 Re8 27. Ne6
Re7 28. Rf1 1-0

[Event "Madrid ch Veteranos 2223"]
[Site "Madrid ESP"]
[Date "2023.04.18"]
[Round "2.33"]
[White "Rosado Sanchez, Jose Ignacio"]
[Black "Carrera Cabaneros, Francisco"]
[Result "0-1"]
[WhiteElo "1377"]
[BlackElo "1684"]
[PlyCount "28"]
[EventDate "2023.04.17"]
[EventType "swiss"]
[EventRounds "9"]
[EventCountry "ESP"]
[SourceTitle "Ajedrez en Madrid"]
[Source "lmi"]
[SourceDate "2023.04.17"]
[SourceVersion "1"]
[SourceVersionDate "2023.05.22"]
[SourceQuality "1"]

1. e4 e6 2. d4 d5 3. Nc3 dxe4 4. Nxe4 Nc6 5. Nf3 Nf6 6. Bg5 Be7 7. Nxf6+ Bxf6
8. Bxf6 Qxf6 9. Bc4 O-O 10. O-O Rd8 11. c3 b6 12. Re1 Bb7 13. Ne5 Nxe5 14. dxe5
Qg6 0-1

[Event "Madrid ch Veteranos 2223"]
[Site "Madrid ESP"]
[Date "2023.04.18"]
[Round "2.34"]
[White "Camarero Izquierdo, Juan Carlos"]
[Black "Infante Martin, Alonso"]
[Result "1-0"]
[WhiteElo "1680"]
[BlackElo "1457"]
[PlyCount "47"]
[EventDate "2023.04.17"]
[EventType "swiss"]
[EventRounds "9"]
[EventCountry "ESP"]
[SourceTitle "Ajedrez en Madrid"]
[Source "lmi"]
[SourceDate "2023.04.17"]
[SourceVersion "1"]
[SourceVersionDate "2023.05.22"]
[SourceQuality "1"]

1. e4 e5 2. Nf3 Nc6 3. Bc4 Nf6 4. Ng5 d5 5. exd5 Nxd5 6. Nxf7 Kxf7 7. Qf3+ Ke6
8. Nc3 Nce7 9. d4 c6 10. O-O g6 11. Ne4 Bg7 12. dxe5 Rf8 13. Ng5+ Kd7 14. e6+
Kc7 15. Nf7 Kb8 16. Nxd8 Rxf3 17. gxf3 Kc7 18. Nf7 Bxe6 19. Ng5 Bg8 20. Bxd5
Nxd5 21. c4 Nb6 22. Bf4+ Kc8 23. Rfe1 h6 24. Rad1 1-0

[Event "Madrid ch Veteranos 2223"]
[Site "Madrid ESP"]
[Date "2023.04.18"]
[Round "2.35"]
[White "Lopez Manso, Jeronimo"]
[Black "Montero Montero, Juan Jose"]
[Result "0-1"]
[WhiteElo "1358"]
[BlackElo "1678"]
[PlyCount "110"]
[EventDate "2023.04.17"]
[EventType "swiss"]
[EventRounds "9"]
[EventCountry "ESP"]
[SourceTitle "Ajedrez en Madrid"]
[Source "lmi"]
[SourceDate "2023.04.17"]
[SourceVersion "1"]
[SourceVersionDate "2023.05.22"]
[SourceQuality "1"]

1. f4 Nf6 2. Nf3 c5 3. c4 g6 4. Nc3 Bg7 5. e4 d6 6. h3 h5 7. Be2 Nc6 8. O-O Nd4
9. Ng5 Nxe2+ 10. Qxe2 O-O 11. d3 a6 12. e5 dxe5 13. fxe5 Nh7 14. Nce4 Nxg5 15.
Nxg5 Qd4+ 16. Kh1 Qxe5 17. Qf2 Bf5 18. Nf3 Qd6 19. Be3 b6 20. Rfd1 Qc6 21. d4
cxd4 22. Nxd4 Bxd4 23. Bxd4 Bxh3 24. Qg3 Bf5 25. Qg5 f6 26. Qe3 e5 27. Bxb6
Qxc4 28. Rac1 Qg4 29. Rd6 Be4 30. Qf2 Qf5 31. Qd2 g5 32. Kg1 Rac8 33. Bc5 Qg6
34. Rd7 Rf7 35. Rd8+ Rxd8 36. Qxd8+ Kh7 37. Rf1 Qg8 38. Qd6 Kg6 39. Qxa6 Qd8
40. Re1 Bf5 41. Rxe5 Qd1+ 42. Kh2 Qc2 43. b4 Be4 44. Rxe4 Qxe4 45. Qf1 Rd7 46.
Qc1 Qh4+ 47. Kg1 Qg4 48. Qc2+ f5 49. Qf2 Rd1+ 50. Kh2 h4 51. a4 h3 52. gxh3 Qe4
53. Kg3 f4+ 54. Kg4 f3+ 55. Kg3 Qf4# 0-1

[Event "Madrid ch Veteranos 2223"]
[Site "Madrid ESP"]
[Date "2023.04.18"]
[Round "2.36"]
[White "De Dompablo Fantova, Juan"]
[Black "Benito Mellado, Humberto"]
[Result "1-0"]
[WhiteElo "1665"]
[BlackElo "1449"]
[PlyCount "113"]
[EventDate "2023.04.17"]
[EventType "swiss"]
[EventRounds "9"]
[EventCountry "ESP"]
[SourceTitle "Ajedrez en Madrid"]
[Source "lmi"]
[SourceDate "2023.04.17"]
[SourceVersion "1"]
[SourceVersionDate "2023.05.22"]
[SourceQuality "1"]

1. e4 c5 2. Nc3 d6 3. f4 Nc6 4. Nf3 Nf6 5. Bb5 a6 6. Bxc6+ bxc6 7. d3 a5 8. b3
g6 9. O-O Bg7 10. e5 Nd5 11. Ne4 Bf5 12. Qe1 O-O 13. Ng3 Qd7 14. Kh1 Nb4 15.
Qf2 Nd5 16. Bd2 Nb4 17. Bc1 a4 18. Be3 axb3 19. axb3 Ra2 20. Rxa2 Nxa2 21. Nh4
e6 22. exd6 Nb4 23. Bxc5 Nd5 24. Nhxf5 exf5 25. Re1 Re8 26. Rxe8+ Qxe8 27. Qe2
Qd7 28. c4 Nf6 29. h3 Bf8 30. Qe5 Ne8 31. Ne2 Nxd6 32. Bd4 f6 33. Qxf6 Nf7 34.
h4 c5 35. Be5 Qxd3 36. Nc3 Nxe5 37. Qxe5 Bg7 38. Qe6+ Kf8 39. Nd5 Qe4 40. Qd6+
Kf7 41. Qd7+ Kf8 42. Qd8+ Kf7 43. Qc7+ Kf8 44. Qxc5+ Kf7 45. Qe3 Bd4 46. Qxe4
fxe4 47. f5 e3 48. fxg6+ hxg6 49. Nf4 Bc5 50. g4 Kf6 51. Kg2 Ba7 52. Kf3 g5 53.
Nd5+ Kg6 54. h5+ Kf7 55. Nxe3 Bc5 56. Ke4 Bb4 57. Kf5 1-0

[Event "Madrid ch Veteranos 2223"]
[Site "Madrid ESP"]
[Date "2023.04.18"]
[Round "2.37"]
[White "Hetz, Robert"]
[Black "Calle Trueba, Jose Antonio"]
[Result "1-0"]
[WhiteElo "1627"]
[BlackElo "1381"]
[PlyCount "90"]
[EventDate "2023.04.17"]
[EventType "swiss"]
[EventRounds "9"]
[EventCountry "ESP"]
[SourceTitle "Ajedrez en Madrid"]
[Source "lmi"]
[SourceDate "2023.04.17"]
[SourceVersion "1"]
[SourceVersionDate "2023.05.22"]
[SourceQuality "1"]

1. d4 d5 2. c4 dxc4 3. Nf3 Nf6 4. Nc3 e6 5. e4 a6 6. a4 c5 7. Bxc4 cxd4 8. Qxd4
Qxd4 9. Nxd4 Bb4 10. f3 O-O 11. Be3 Nc6 12. Nxc6 bxc6 13. O-O a5 14. Rac1 Ba6
15. Na2 Be7 16. Bxa6 Rxa6 17. Rc4 Rc8 18. Rfc1 Nd7 19. Kf2 Ne5 20. R4c3 h6 21.
Ke2 Bb4 22. R3c2 h5 23. Nxb4 axb4 24. b3 f6 25. Bc5 Raa8 26. f4 Nd7 27. Be7 Ra6
28. Kd3 c5 29. Bxc5 Nxc5+ 30. Rxc5 Rd6+ 31. Kc4 Rcd8 32. Kxb4 Rd4+ 33. R5c4 Rd3
34. Rc8 R3d4+ 35. Kb5 e5 36. Rxd8+ Rxd8 37. a5 exf4 38. a6 Rb8+ 39. Ka4 h4 40.
b4 h3 41. gxh3 Re8 42. Ka5 Rxe4 43. a7 Re8 44. b5 g5 45. b6 Re2 1-0

[Event "Madrid ch Veteranos 2223"]
[Site "Madrid ESP"]
[Date "2023.04.18"]
[Round "2.38"]
[White "Prieto Gonzalez, Cesar"]
[Black "Abad Martin-Camuñas, Luis"]
[Result "1/2-1/2"]
[WhiteElo "1608"]
[BlackElo "1366"]
[PlyCount "100"]
[EventDate "2023.04.17"]
[EventType "swiss"]
[EventRounds "9"]
[EventCountry "ESP"]
[SourceTitle "Ajedrez en Madrid"]
[Source "lmi"]
[SourceDate "2023.04.17"]
[SourceVersion "1"]
[SourceVersionDate "2023.05.22"]
[SourceQuality "1"]

1. e4 c5 2. Nf3 d6 3. d4 cxd4 4. Nxd4 Nf6 5. Nc3 a6 6. g3 g6 7. Bg2 Bg7 8. O-O
O-O 9. h3 Nc6 10. Be3 Ne5 11. Qc1 Re8 12. Bh6 Bh8 13. f4 Nc4 14. Nb3 Rb8 15.
Kh2 b5 16. Rb1 Bb7 17. f5 b4 18. Nd5 Bxd5 19. exd5 Qb6 20. fxg6 hxg6 21. c3
Rbc8 22. Nd4 Qc5 23. Nb3 Qb5 24. Nd4 Qb6 25. Bg5 a5 26. Bd2 Nxd2 27. Qxd2 Qc5
28. Nb3 Qb6 29. cxb4 axb4 30. Rbc1 Nd7 31. Be4 Rf8 32. Rxc8 Rxc8 33. Nc1 Nf6
34. Bg2 Bg7 35. Nd3 b3 36. a3 Rc2 37. Qd1 Ne8 38. Rf2 Rxf2 39. Nxf2 Bxb2 40.
Nd3 Bxa3 41. Nf4 b2 42. Qb1 Qd4 43. Be4 Nf6 44. Bxg6 fxg6 45. Qxg6+ Kh8 46.
Qh6+ Nh7 47. Ng6+ Kg8 48. Nxe7+ Kh8 49. Ng6+ Kg8 50. Ne7+ Kh8 1/2-1/2

[Event "Madrid ch Veteranos 2223"]
[Site "Madrid ESP"]
[Date "2023.04.18"]
[Round "2.39"]
[White "Siddiqie, Kausar Iqbal"]
[Black "Tudela Garcia, Antonio"]
[Result "1-0"]
[WhiteElo "1265"]
[BlackElo "1572"]
[PlyCount "121"]
[EventDate "2023.04.17"]
[EventType "swiss"]
[EventRounds "9"]
[EventCountry "ESP"]
[SourceTitle "Ajedrez en Madrid"]
[Source "lmi"]
[SourceDate "2023.04.17"]
[SourceVersion "1"]
[SourceVersionDate "2023.05.22"]
[SourceQuality "1"]

1. e4 e5 2. Nf3 Nc6 3. Bc4 Be7 4. O-O d6 5. h3 Nf6 6. d3 O-O 7. Nc3 Na5 8. Bb3
Nxb3 9. axb3 a6 10. Ne2 Ne8 11. Ng3 f5 12. exf5 Bxf5 13. Nxf5 Rxf5 14. Re1 Rf8
15. d4 exd4 16. Nxd4 Bh4 17. Nf3 c6 18. Ra4 Bf6 19. c3 Nc7 20. Rg4 Qd7 21. Bg5
Bxg5 22. Nxg5 h6 23. Ne4 d5 24. Nc5 Qf7 25. Nd3 Rae8 26. Rf4 Rxe1+ 27. Qxe1 Qe6
28. Qd2 Rxf4 29. Qxf4 Qe7 30. b4 Ne6 31. Qe5 Kf7 32. Qf5+ Qf6 33. Qh5+ Ke7 34.
Qe2 Kd6 35. Qe3 d4 36. cxd4 Qxd4 37. Qg3+ Ke7 38. Qg6 b6 39. Qf5 a5 40. bxa5
bxa5 41. Ne5 Qd5 42. Qf7+ Kd6 43. Ng6 Qg5 44. h4 Qf6 45. Qe8 Kc5 46. h5 a4 47.
Ne7 Nd4 48. Ng6 Kc4 49. Qe3 Kb5 50. Nf4 c5 51. Nd5 Qc6 52. Qd3+ Ka5 53. Qc3+
Ka6 54. Qc4+ Kb7 55. Nc3 Nb3 56. Nxa4 Nd2 57. Nxc5+ Kc8 58. Qg8+ Kc7 59. Qxg7+
Kb6 60. Nd7+ Ka6 61. Nb8+ 1-0

[Event "Madrid ch Veteranos 2223"]
[Site "Madrid ESP"]
[Date "2023.04.18"]
[Round "2.40"]
[White "Gonzalez Hormigos, Carlos Manuel"]
[Black "Ros Martinez, Francisco Javier"]
[Result "0-1"]
[WhiteElo "1116"]
[BlackElo "1562"]
[PlyCount "38"]
[EventDate "2023.04.17"]
[EventType "swiss"]
[EventRounds "9"]
[EventCountry "ESP"]
[SourceTitle "Ajedrez en Madrid"]
[Source "lmi"]
[SourceDate "2023.04.17"]
[SourceVersion "1"]
[SourceVersionDate "2023.05.22"]
[SourceQuality "1"]

1. d4 Nf6 2. Nc3 d5 3. e3 c5 4. b3 Bf5 5. Bb2 e6 6. Nf3 Bg4 7. Be2 Bxf3 8. Bxf3
Nc6 9. O-O Be7 10. Ne2 O-O 11. c4 Ne4 12. Nc3 f5 13. Nxe4 dxe4 14. Be2 Bf6 15.
Rb1 cxd4 16. exd4 Nxd4 17. Bxd4 Bxd4 18. Rc1 Rc8 19. Qd2 Bxf2+ 0-1

[Event "Madrid ch Veteranos 2223"]
[Site "Madrid ESP"]
[Date "2023.04.19"]
[Round "3.1"]
[White "Villares Galiano, Luis"]
[Black "Moreno Ruiz, Javier"]
[Result "0-1"]
[WhiteElo "1887"]
[BlackElo "2427"]
[PlyCount "80"]
[EventDate "2023.04.17"]
[EventType "swiss"]
[EventRounds "9"]
[EventCountry "ESP"]
[SourceTitle "Ajedrez en Madrid"]
[Source "lmi"]
[SourceDate "2023.04.17"]
[SourceVersion "1"]
[SourceVersionDate "2023.05.22"]
[SourceQuality "1"]

1. e4 e5 2. Nf3 Nc6 3. Bc4 Bc5 4. c3 Nf6 5. d4 exd4 6. cxd4 Bb4+ 7. Nc3 Nxe4 8.
O-O Bxc3 9. d5 Bf6 10. Re1 Ne7 11. Rxe4 d6 12. Bg5 Bxg5 13. Nxg5 O-O 14. Nxh7
Bf5 15. Rh4 Re8 16. Qh5 Ng6 17. Rd4 Bd7 18. Bd3 Re5 19. Qd1 Kxh7 20. f4 Re3 21.
f5 Bxf5 22. Bxf5 Qf6 23. Qg4 Rae8 24. Rf1 Re1 25. Rdf4 Rxf1+ 26. Rxf1 Qxb2 27.
Qh5+ Kg8 28. Bxg6 fxg6 29. Qxg6 Qd4+ 30. Kh1 Re5 31. Qf7+ Kh7 32. Qxc7 Qxd5 33.
Qc2+ Qe4 34. Qf2 Rg5 35. h3 d5 36. Re1 Rxg2 37. Qxg2 Qxe1+ 38. Kh2 Qe5+ 39. Kg1
Qe4 40. Qg5 Qg6 0-1

[Event "Madrid ch Veteranos 2223"]
[Site "Madrid ESP"]
[Date "2023.04.19"]
[Round "3.2"]
[White "Elissalt Cardenas, Hector"]
[Black "Moreno Torrero, Javier"]
[Result "1-0"]
[WhiteElo "2320"]
[BlackElo "1891"]
[PlyCount "73"]
[EventDate "2023.04.17"]
[EventType "swiss"]
[EventRounds "9"]
[EventCountry "ESP"]
[SourceTitle "Ajedrez en Madrid"]
[Source "lmi"]
[SourceDate "2023.04.17"]
[SourceVersion "1"]
[SourceVersionDate "2023.05.22"]
[SourceQuality "1"]

1. d4 Nf6 2. c4 c5 3. d5 b5 4. Nf3 d6 5. Qc2 g6 6. e4 Bg7 7. Nc3 b4 8. Nd1 O-O
9. Be2 Bg4 10. O-O Nbd7 11. h3 Bxf3 12. Bxf3 a5 13. Rb1 a4 14. g3 Qa5 15. Qe2
Nb6 16. Bd2 Qa6 17. Rc1 Nfd7 18. Bg2 Rae8 19. Bf4 Ne5 20. Ne3 Qc8 21. h4 e6 22.
Bh3 Qc7 23. Rfd1 Qe7 24. Bg5 Bf6 25. Bxf6 Qxf6 26. f4 exd5 27. cxd5 Ned7 28.
Bxd7 Nxd7 29. Nc4 Re7 30. Qd3 Rb8 31. Re1 h6 32. Rf1 Nb6 33. e5 dxe5 34. fxe5
Qg7 35. d6 Rxe5 36. Nxb6 Rxb6 37. d7 1-0

[Event "Madrid ch Veteranos 2223"]
[Site "Madrid ESP"]
[Date "2023.04.19"]
[Round "3.3"]
[White "Candela Perez, Jose"]
[Black "Alvarez Abejon, Amilcar"]
[Result "1-0"]
[WhiteElo "2299"]
[BlackElo "1875"]
[PlyCount "57"]
[EventDate "2023.04.17"]
[EventType "swiss"]
[EventRounds "9"]
[EventCountry "ESP"]
[SourceTitle "Ajedrez en Madrid"]
[Source "lmi"]
[SourceDate "2023.04.17"]
[SourceVersion "1"]
[SourceVersionDate "2023.05.22"]
[SourceQuality "1"]

1. d4 Nf6 2. c4 e5 3. dxe5 Ng4 4. Bf4 Nc6 5. Nf3 Bb4+ 6. Nbd2 Qe7 7. e3 Ngxe5
8. Nxe5 Nxe5 9. Be2 O-O 10. O-O a5 11. Nb3 a4 12. a3 axb3 13. axb4 Rxa1 14.
Qxa1 d6 15. Qa4 Ng6 16. Bg3 f5 17. Bf3 f4 18. exf4 Nxf4 19. Qxb3 Ne2+ 20. Kh1
Nxg3+ 21. hxg3 b6 22. Qc3 Qf6 23. Re1 Qxc3 24. Bd5+ Kh8 25. bxc3 Bd7 26. Re7
Rd8 27. b5 g6 28. f4 h5 29. Kg1 1-0

[Event "Madrid ch Veteranos 2223"]
[Site "Madrid ESP"]
[Date "2023.04.19"]
[Round "3.4"]
[White "Garcia Martin, Esteban"]
[Black "Pastor Alonso De Prado, Alberto"]
[Result "1-0"]
[WhiteElo "1809"]
[BlackElo "2071"]
[PlyCount "61"]
[EventDate "2023.04.17"]
[EventType "swiss"]
[EventRounds "9"]
[EventCountry "ESP"]
[SourceTitle "Ajedrez en Madrid"]
[Source "lmi"]
[SourceDate "2023.04.17"]
[SourceVersion "1"]
[SourceVersionDate "2023.05.22"]
[SourceQuality "1"]

1. c4 e6 2. Nf3 d5 3. b3 d4 4. g3 Nc6 5. Bg2 e5 6. d3 Bb4+ 7. Nbd2 Nf6 8. O-O
a5 9. a3 Bc5 10. Ng5 O-O 11. Nde4 Nd7 12. Nxc5 Nxc5 13. Ne4 Ne6 14. Rb1 Qe7 15.
Qc2 Bd7 16. Qb2 f5 17. Nd2 Nc5 18. Qc2 e4 19. b4 axb4 20. axb4 Na4 21. b5 Ne5
22. Bb2 Nxb2 23. Qxb2 exd3 24. exd3 Ra3 25. Nb3 Nxd3 26. Qxd4 Nb4 27. Nc5 Bc8
28. Rxb4 b6 29. Qd5+ Kh8 30. Rb3 Rd8 31. Qf3 1-0

[Event "Madrid ch Veteranos 2223"]
[Site "Madrid ESP"]
[Date "2023.04.19"]
[Round "3.5"]
[White "Fiz Criado, Fidel"]
[Black "Suarez-Llanos Florez, Gonzalo"]
[Result "1/2-1/2"]
[WhiteElo "1807"]
[BlackElo "2052"]
[PlyCount "83"]
[EventDate "2023.04.17"]
[EventType "swiss"]
[EventRounds "9"]
[EventCountry "ESP"]
[SourceTitle "Ajedrez en Madrid"]
[Source "lmi"]
[SourceDate "2023.04.17"]
[SourceVersion "1"]
[SourceVersionDate "2023.05.22"]
[SourceQuality "1"]

1. d4 Nf6 2. Nc3 d5 3. e4 e6 4. exd5 exd5 5. Nf3 Bd6 6. Bd3 O-O 7. O-O c6 8. h3
Re8 9. Ne2 Qc7 10. Be3 Nbd7 11. c3 Nf8 12. Qc2 Ng6 13. Nd2 Bd7 14. Rae1 Nh5 15.
c4 Nhf4 16. Nxf4 Bxf4 17. cxd5 cxd5 18. Nf3 Rac8 19. Qxc7 Bxc7 20. Rc1 Nf4 21.
Bxf4 Bxf4 22. Rxc8 Rxc8 23. Re1 Bd6 24. a3 a5 25. Ne5 Be8 26. g3 f6 27. Bf5 Rc7
28. Be6+ Kf8 29. Nf3 Bf7 30. Bf5 Bg6 31. Bxg6 hxg6 32. Re2 Rc1+ 33. Kg2 b5 34.
Ne1 Rc4 35. Nc2 Kf7 36. Rd2 Ke6 37. Ne3 Rc1 38. Re2 b4 39. a4 Bc7 40. Kf3 Kd6
41. Rc2 Rxc2 42. Nxc2 1/2-1/2

[Event "Madrid ch Veteranos 2223"]
[Site "Madrid ESP"]
[Date "2023.04.19"]
[Round "3.6"]
[White "Ruiz Bellon, Manuel"]
[Black "Viñas Lopez, Carlos"]
[Result "1/2-1/2"]
[WhiteElo "1968"]
[BlackElo "1853"]
[PlyCount "80"]
[EventDate "2023.04.17"]
[EventType "swiss"]
[EventRounds "9"]
[EventCountry "ESP"]
[SourceTitle "Ajedrez en Madrid"]
[Source "lmi"]
[SourceDate "2023.04.17"]
[SourceVersion "1"]
[SourceVersionDate "2023.05.22"]
[SourceQuality "1"]

1. e4 c5 2. Nc3 Nc6 3. g3 g6 4. Bg2 Bg7 5. d3 d6 6. Be3 e6 7. Qd2 Nd4 8. Nd1 e5
9. c3 Nc6 10. Ne2 Qb6 11. O-O Nge7 12. f4 a5 13. a4 Be6 14. Bf2 O-O 15. Ne3 f5
16. exf5 gxf5 17. Nc2 Rad8 18. Rfe1 Nd5 19. Na3 Nc7 20. c4 Nd4 21. Nxd4 cxd4
22. Nb5 Bd7 23. b4 Ra8 24. bxa5 Qc5 25. Bxb7 Rab8 26. Bg2 Ne6 27. Reb1 Bc6 28.
Be1 e4 29. Qe2 Rfe8 30. Bd2 exd3 31. Qxd3 Be4 32. Qf1 d3+ 33. Qf2 Qxf2+ 34.
Kxf2 Bxg2 35. Be3 Bxa1 36. Rxa1 Be4 37. Ra2 Rec8 38. Nxd6 Rc6 39. Nb5 Rxc4 40.
g4 Rc6 1/2-1/2

[Event "Madrid ch Veteranos 2223"]
[Site "Madrid ESP"]
[Date "2023.04.19"]
[Round "3.7"]
[White "Pareja Vicente, Antonio"]
[Black "Vazquez Gonzalez, Jesus"]
[Result "0-1"]
[WhiteElo "1783"]
[BlackElo "1908"]
[PlyCount "54"]
[EventDate "2023.04.17"]
[EventType "swiss"]
[EventRounds "9"]
[EventCountry "ESP"]
[SourceTitle "Ajedrez en Madrid"]
[Source "lmi"]
[SourceDate "2023.04.17"]
[SourceVersion "1"]
[SourceVersionDate "2023.05.22"]
[SourceQuality "1"]

1. e4 e6 2. d4 d5 3. e5 c5 4. c3 Bd7 5. Bd3 Nc6 6. Nf3 cxd4 7. cxd4 Qb6 8. Bc2
Nb4 9. O-O Nxc2 10. Qxc2 Rc8 11. Nc3 Ne7 12. Be3 Nf5 13. Qd2 Nxe3 14. fxe3 Be7
15. a3 O-O 16. Rfc1 Rc4 17. Rab1 Rfc8 18. Qf2 Qa5 19. Nd2 R4c7 20. Na2 Qb5 21.
Qf1 Rxc1 22. Nxc1 Rc7 23. Qxb5 Bxb5 24. Ndb3 Bg5 25. Na2 Bxe3+ 26. Kh1 Bc4 27.
Nbc1 Bf1 0-1

[Event "Madrid ch Veteranos 2223"]
[Site "Madrid ESP"]
[Date "2023.04.19"]
[Round "3.8"]
[White "Longa Yauca, Javier"]
[Black "Martin Garcia, Luis I"]
[Result "1-0"]
[WhiteElo "2219"]
[BlackElo "1814"]
[PlyCount "37"]
[EventDate "2023.04.17"]
[EventType "swiss"]
[EventRounds "9"]
[EventCountry "ESP"]
[SourceTitle "Ajedrez en Madrid"]
[Source "lmi"]
[SourceDate "2023.04.17"]
[SourceVersion "1"]
[SourceVersionDate "2023.05.22"]
[SourceQuality "1"]

1. c4 e5 2. Nc3 Nc6 3. d3 Bb4 4. Bd2 Nf6 5. Nd5 Bxd2+ 6. Qxd2 d6 7. Nxf6+ Qxf6
8. g3 Nd4 9. Bg2 c6 10. e3 Ne6 11. h4 Nc5 12. d4 exd4 13. exd4 Qe6+ 14. Ne2 Ne4
15. Qc2 d5 16. cxd5 cxd5 17. Nf4 Qc6 18. Qb3 Be6 19. Bxe4 1-0

[Event "Madrid ch Veteranos 2223"]
[Site "Madrid ESP"]
[Date "2023.04.19"]
[Round "3.9"]
[White "Sanchez Peral, Pedro"]
[Black "Barraza Caracuel, Ignacio"]
[Result "0-1"]
[WhiteElo "1761"]
[BlackElo "2048"]
[PlyCount "64"]
[EventDate "2023.04.17"]
[EventType "swiss"]
[EventRounds "9"]
[EventCountry "ESP"]
[SourceTitle "Ajedrez en Madrid"]
[Source "lmi"]
[SourceDate "2023.04.17"]
[SourceVersion "1"]
[SourceVersionDate "2023.05.22"]
[SourceQuality "1"]

1. e4 e5 2. Nf3 Nc6 3. Bb5 a6 4. Bxc6 dxc6 5. O-O Qd6 6. d4 exd4 7. Qxd4 Bg4 8.
e5 Qxd4 9. Nxd4 O-O-O 10. Be3 Ne7 11. h3 Bd7 12. Nd2 Nd5 13. Bg5 Re8 14. N2f3
h6 15. Bh4 g5 16. Bg3 c5 17. Nb3 Be7 18. c3 Reg8 19. Rad1 Be6 20. Nbd2 h5 21.
Ne4 h4 22. Bh2 g4 23. hxg4 Rxg4 24. Rfe1 Rhg8 25. Kf1 Rxg2 26. c4 Nb4 27. b3
Nc2 28. Re2 Nd4 29. Ned2 Rxh2 30. Nxh2 Bh3+ 31. Ke1 Rg1+ 32. Ndf1 Rxf1+ 0-1

[Event "Madrid ch Veteranos 2223"]
[Site "Madrid ESP"]
[Date "2023.04.19"]
[Round "3.10"]
[White "Lopez-Andujar Ocaña, Antonio"]
[Black "Rojas Pozo, Jose Luis"]
[Result "1/2-1/2"]
[WhiteElo "1961"]
[BlackElo "1865"]
[PlyCount "36"]
[EventDate "2023.04.17"]
[EventType "swiss"]
[EventRounds "9"]
[EventCountry "ESP"]
[SourceTitle "Ajedrez en Madrid"]
[Source "lmi"]
[SourceDate "2023.04.17"]
[SourceVersion "1"]
[SourceVersionDate "2023.05.22"]
[SourceQuality "1"]

1. d4 Nf6 2. c4 e6 3. Nc3 Bb4 4. e3 O-O 5. Bd3 c5 6. Nf3 b6 7. O-O Bb7 8. a3
Bxc3 9. bxc3 d5 10. Nd2 Nc6 11. f4 Na5 12. cxd5 exd5 13. Nf3 Ne4 14. Bb2 c4 15.
Bxe4 dxe4 16. Nd2 f5 17. a4 Bd5 18. Ra3 Qh4 1/2-1/2